A survey of mathematics with applications / (Record no. 246)

MARC details
000 -LEADER
fixed length control field 00962nam a22002777a 4500
001 - CONTROL NUMBER
control field 17028587
005 - DATE AND TIME OF LATEST TRANSACTION
control field 20230317123901.0
008 - FIXED-LENGTH DATA ELEMENTS--GENERAL INFORMATION
fixed length control field 230317b |||||||| |||| 00| 0 eng d
010 ## - LIBRARY OF CONGRESS CONTROL NUMBER
LC control number 2011042964
020 ## - INTERNATIONAL STANDARD BOOK NUMBER
International Standard Book Number 0321759664 (pbk)
040 ## - CATALOGING SOURCE
Original cataloging agency DLC
Transcribing agency KMU
Modifying agency DLC
042 ## - AUTHENTICATION CODE
Authentication code pcc
050 00 - LIBRARY OF CONGRESS CALL NUMBER
Classification number QA39.3
Item number .A54 2012
100 1# - MAIN ENTRY--PERSONAL NAME
Personal name Angel, Allen R.,
Dates associated with a name 1942-
245 12 - TITLE STATEMENT
Title A survey of mathematics with applications /
Statement of responsibility, etc. Allen R. Angel, Christine D. Abbott, Dennis C. Runde.
250 ## - EDITION STATEMENT
Edition statement 9th ed.
260 ## - PUBLICATION, DISTRIBUTION, ETC.
Place of publication, distribution, etc. Boston :
Name of publisher, distributor, etc. Pearson Education,
Date of publication, distribution, etc. 2012.
300 ## - PHYSICAL DESCRIPTION
Extent xvxviii, 969, [90] p. :
Other physical details col. ill. ;
Dimensions 28 cm.
500 ## - GENERAL NOTE
General note Includes index.
650 #0 - SUBJECT ADDED ENTRY--TOPICAL TERM
Topical term or geographic name entry element Mathematics
Form subdivision Textbooks.
700 1# - ADDED ENTRY--PERSONAL NAME
Personal name Abbott, Christine D.
700 1# - ADDED ENTRY--PERSONAL NAME
Personal name Runde, Dennis C.
906 ## - LOCAL DATA ELEMENT F, LDF (RLIN)
a 0
b vip
c orignew
d 1
e ecip
f 20
g y-gencatlg
942 ## - ADDED ENTRY ELEMENTS (KOHA)
Source of classification or shelving scheme Library of Congress Classification
Koha item type Non-Fiction
Suppress in OPAC No
Holdings
Withdrawn status Lost status Source of classification or shelving scheme Damaged status Not for loan Collection Home library Current library Shelving location Date acquired Source of acquisition Total Checkouts Full call number Barcode Date last seen Date last checked out Price effective from Koha item type
    Library of Congress Classification     Non-fiction Kapasa Makasa University Kapasa Makasa University Open Access 17.03.2023 Book International Aid 3 QA 39.3 Ang 2012 300076 16.02.2026 02.02.2026 17.03.2023 Non-Fiction